Central Library OPAC University of Rajshahi

University physics / (Record no. 54821)

MARC details
000 -LEADER
fixed length control field 00900nam a2200277 a 4500
001 - CONTROL NUMBER
control field 54821
003 - CONTROL NUMBER IDENTIFIER
rucl marc code BD-RjUL
005 - DATE AND TIME OF LATEST TRANSACTION
control field 20211209080155.0
008 - FIXED-LENGTH DATA ELEMENTS--GENERAL INFORMATION
fixed length control field 161110r19771976enka 00110 eng
035 ## - SYSTEM CONTROL NUMBER
System control number (BD-RjUL)54943
040 ## - CATALOGING SOURCE
Original cataloging agency ANL
Language of cataloging eng
Modifying agency ANL
-- BD-RjUL
Transcribing agency BD-RjUL
041 ## - LANGUAGE CODE
Language code of text/sound track or separate title eng
082 0# - DEWEY DECIMAL CLASSIFICATION NUMBER
Classification number 530
Edition number 23
Author mark and year SEU 1977
100 1# - MAIN ENTRY--PERSONAL NAME
Personal name Sears, Francis W.
Fuller form of name (Francis Weston),
9 (RLIN) 163428
245 10 - TITLE STATEMENT
Title University physics /
Statement of responsibility, etc. [by] Francis Weston Sears, Mark W. Zemansky, Hugh D. Young.
250 ## - EDITION STATEMENT
Edition statement 5th ed.
260 ## - PUBLICATION, DISTRIBUTION, ETC. (IMPRINT)
Place of publication, distribution, etc. London :
Name of publisher, distributor, etc. Addison-Wesley Pub. Com.,
Date of publication, distribution, etc. c1976 [printing 1977].
300 ## - PHYSICAL DESCRIPTION
Pagination v.
Illustrations ill. ;
Size 24 cm.
490 0# - SERIES STATEMENT
Series statement Addison-Wesley series in physics
505 ## - FORMATTED CONTENTS NOTE
Formatted contents note Vol.1--
650 #0 - SUBJECT ADDED ENTRY--TOPICAL TERM
Topical term or geographic name as entry element Physics.
9 (RLIN) 163429
700 1# - ADDED ENTRY--PERSONAL NAME
Personal name Zemansky, Mark W.
Fuller form of name (Mark Waldo),
Relator term joint author.
Personal name Young, Hugh D.
830 ## - SERIES ADDED ENTRY--UNIFORM TITLE
Uniform title Addison-Wesley series in physics
942 ## - ADDED ENTRY ELEMENTS (KOHA)
Source of classification or shelving scheme Dewey Decimal Classification
Koha item type Books
Holdings
Lost status Source of classification or shelving scheme Damaged status Not for loan Collection code Permanent Location Current Location Shelving location Date acquired Source of acquisition Total Checkouts Total Renewals Full call number Date last seen Date checked out Copy number Koha item type
  Dewey Decimal Classification     Non-fiction Central Library, University of Rajshahi Central Library, University of Rajshahi   14/11/1990 Canada 1 1 530 SEU v-1 1977 25/04/2019 20/03/2019 C-2 Books